| 000 | 00353nam a2200133Ia 4500 | ||
|---|---|---|---|
| 008 | 180315s9999||||xx |||||||||||||| ||und|| | ||
| 082 |
_aQW 525.5 _bELL |
||
| 100 | _aEllen. | ||
| 245 | 0 |
_aBrief Guide to Practical Enzyme Diagnosis _cEllen. |
|
| 260 |
_a_ _b_ _c1976 |
||
| 300 | _a75 | ||
| 650 | _aEnzyme techniques. Diagnostic techniques enzyme. | ||
| 942 | _cBK | ||
| 999 |
_c705 _d705 |
||